| 000 | 00435nam a2200181Ia 4500 | ||
|---|---|---|---|
| 001 | 14119 | ||
| 005 | 20260306164851.0 | ||
| 008 | 260306t2010||||xx |||||||||||||| ||spa|| | ||
| 041 | _aESP | ||
| 082 |
_a500 _bA174 2010 |
||
| 100 |
_aAsimov, Isaac _eAUT |
||
| 245 | 0 | _aCien preguntas básicas sobre la ciencia | |
| 260 | _c2010 | ||
| 300 |
_a251 páginas : _c18 cm. |
||
| 650 | _aGEN | ||
| 654 | _aCCN | ||
| 942 |
_cLIB _dJUS _fJUS _2ddc _n |
||
| 999 |
_c14119 _d14119 |
||